Industrial development in Bihar since independence (Record no. 15615)

MARC details
000 -LEADER
fixed length control field 00391nam a2200145Ia 4500
082 ## - DEWEY DECIMAL CLASSIFICATION NUMBER
Classification number TV.0065
100 ## - MAIN ENTRY--AUTHOR NAME
Personal name Verma, Rasik Behari
245 #0 - TITLE STATEMENT
Title Industrial development in Bihar since independence
260 ## - PUBLICATION, DISTRIBUTION, ETC. (IMPRINT)
Year of publication 1970
Name of publisher University of Lucknow
300 ## - PHYSICAL DESCRIPTION
Number of Pages 324p.
650 ## - SUBJECT ADDED ENTRY--TOPICAL TERM
Topical Term BIHAR - INDUSTRIES
650 ## - SUBJECT ADDED ENTRY--TOPICAL TERM
Topical Term INDUSTRIES - BIHAR//BIHAR - INDUSTRIES
710 ## - ADDED ENTRY--CORPORATE NAME
Corporate name or jurisdiction name as entry element Sarkar, K.C.
942 ## - ADDED ENTRY ELEMENTS (KOHA)
Koha item type Thesis
Source of classification or shelving scheme Dewey Decimal Classification
Holdings
Withdrawn status Lost status Damaged status Not for loan Home library Current library Date acquired Full call number Accession Number Price effective from Koha item type
        NASSDOC Library NASSDOC Library 08/10/2004 TV.0065 4652 18/04/2019 Thesis